000 04370nas1a22005651i 4500
001 RU\NLR\INFOCOMM18\1000142043
005 20240725232254.0
035 _a(NLR Aleph) 002773598
090 _a2341312
_c2341312
100 _a20040823c1933 |||y0rusy50 ca
101 0 _arus
102 _aRU
110 _azyu||||0|y0
200 1 _aСборник научно-исследовательских работ
_fНар. ком совхозов СССР. Азово-Черномор. с.-х. ин-т
210 _aНовочеркасск
_d1933-
710 0 2 _aДонской сельско-хозяйственный институт
_cстанция Персияновка (Ростовская область)
_4070
801 1 _aRU
_bInfoComm
_c20040823
801 0 _aRU
_bNLR
_gPSBO
852 _aNLR
_jП13/403
852 _aNLR
_jАрх.82502/2а
852 _aNLR
_jАрх.82502/3а
852 _aNLR
_jАрх.82502/4
852 _aNLR
_jАрх.82502/7
852 _aNLR
_jАрх.82502/9а
942 _cCOLLECTION
980 _aRUSPER